| 000 | 00687 a2200193 4500 | ||
|---|---|---|---|
| 005 | 20111116100954.0 | ||
| 008 | 111116t xxu||||| |||| 00| 0 eng d | ||
| 041 | _aMalayalam | ||
| 080 |
_aFM _bWOO |
||
| 100 |
_aWoolf, Virginia _918036 |
||
| 245 |
_aLokothara kathakal-Virginia Woolf _cVirginia Woolf; tr.by Radhamani Kunjamma |
||
| 300 | _a126p. | ||
| 653 | _aFiction-malayalam literature | ||
| 700 |
_aRadhamani Kunjamma, V., tr.by _918035 |
||
| 942 | _cBK | ||
| 260 |
_aKottayam _bDC books _c2010 _917641 |
||
| 020 | _a9788126427062 | ||
| 952 |
_w2011-03-09 _p00065821 _v0.00 _r2012-10-31 _40 _e66 _00 _bUL _10 _oFM WOO _d2011-03-09 _70 _cGEN _2udc _g0.00 _yBK _s2012-09-28 _l10 _aUL |
||
| 999 |
_c71825 _d71824 |
||